Actividad de ocho especies vegetales sobre sitophilus zeamais motschulsky en grano de maíz almacenado / (Record no. 220003)
[ view plain ]
| 000 -CABECERA | |
|---|---|
| campo de control de longitud fija | 03168nam a22003497a 4500 |
| 003 - IDENTIFICADOR DEL NÚMERO DE CONTROL | |
| campo de control | OSt |
| 005 - FECHA Y HORA DE LA ÚLTIMA TRANSACCIÓN | |
| campo de control | 20240620134152.0 |
| 007 - CAMPO FIJO DE DESCRIPCIÓN FÍSICA--INFORMACIÓN GENERAL | |
| campo de control de longitud fija | cr ||||||a|c|a |
| 008 - DATOS DE LONGITUD FIJA--INFORMACIÓN GENERAL | |
| campo de control de longitud fija | 240619s2020 mx a|||fom||| 001 0 spa d |
| 040 ## - FUENTE DE LA CATALOGACIÓN | |
| Normas de descripción | rda |
| 100 1# - ENTRADA PRINCIPAL--NOMBRE DE PERSONA | |
| 9 (RLIN) | 189229 |
| Nombre de persona | Ortega Cerón, María Alejandra |
| 245 10 - MENCIÓN DE TÍTULO | |
| Título | Actividad de ocho especies vegetales sobre sitophilus zeamais motschulsky en grano de maíz almacenado / |
| Mención de responsabilidad, etc. | por María Alejandra Ortega Cerón y Erick Encarnación Arroyo; director de tesis José Ulises García Romero; secretario Ángel Lagunes Tejeda; vocal Filemón Morales Hernández; suplente Manuel Alejandro Tejeda Reyes; suplente Jaime Alfredo Urzúa Gutiérrez. |
| 264 #1 - PRODUCCIÓN, PUBLICACIÓN, DISTRIBUCIÓN, FABRICACIÓN Y COPYRIGHT | |
| Producción, publicación, distribución, fabricación y copyright | Chapingo, México : |
| Nombre del de productor, editor, distribuidor, fabricante | El autor, |
| Fecha de producción, publicación, distribución, fabricación o copyright | 2020. |
| 300 ## - DESCRIPCIÓN FÍSICA | |
| Extensión | 1 recurso en línea (56 páginas): |
| Otras características físicas | cuadros, figuras. |
| 336 ## - TIPO DE CONTENIDO | |
| Fuente | rdacontent |
| Término de tipo de contenido | texto |
| Código de tipo de contenido | txt |
| 337 ## - TIPO DE MEDIO | |
| Fuente | rdamedia |
| Nombre/término del tipo de medio | computadora |
| Código del tipo de medio | c |
| 338 ## - TIPO DE SOPORTE | |
| Fuente | rdacarrier |
| Nombre/término del tipo de soporte | recurso en línea |
| Código del tipo de soporte | cr |
| 502 ## - NOTA DE TESIS | |
| Tipo de título | Ingeniero Agrónomo Especialista en Parasitología Agrícola |
| Nombre de la institución que otorga el título | Departamento de Enseñanza, Investigación y Servicio en Parasitología Agrícola, |
| Año de obtención del título | 2020. |
| Información miscelánea | Licenciatura |
| 504 ## - NOTA DE BIBLIOGRAFÍA, ETC. | |
| Nota de bibliografía, etc. | Incluye referencias bibliográficas: páginas 39-42. |
| 520 ## - SUMARIO, ETC. | |
| Sumario, etc. | El maíz puede sufrir graves daños durante su almacenamiento. Lo cual es consecuencia por diversos factores, uno de los más importantes, son los insectos de los granos almacenados. Entre los grupos de insectos más relevantes, se encuentran los órdenes Lepidóptera y Coleóptera. Es en este último orden donde se localiza Sitophilus zeamais Motschulsky, comúnmente conocido como gorgojo del maíz. Este insecto tiene la capacidad de generar pérdidas de hasta un 90% de daño directo al grano almacenado, por ello su control es indispensable. En tiempos recientes la huella ecológica causada por el uso excesivo de plaguicidas para el control de este tipo de plagas hace necesaria la búsqueda de opciones menos contaminantes. El siguiente trabajo investigó la actividad insecticida de partes vegetales de diferentes especies para proteger el grano almacenado del daño producido por Sitophilus zeamais. Con este objetivo se evaluó la toxicidad del polvo de ocho especies vegetales. Las plantas utilizadas fueron: Acalypha arvensis Poepp, Brickella cavallinessii (Cass), Chenopodium ambrosioides L., Gnaphalium inornatum DC, Ligustrum lucidum W.T. Aiton, Schinus molle L., Tagetes erecta L. y Tithonia tubaeformis (Jacq.) Cass. Los resultados indican que los polvos de Brickella cavallinessii (Cass), Chenopodium ambrosoides L. y Gnaphalium inornatum DC mostraron resultados prometedores. |
| 650 #1 - PUNTO DE ACCESO ADICIONAL DE MATERIA--TÉRMINO DE MATERIA | |
| 9 (RLIN) | 133644 |
| Término de materia o nombre geográfico como elemento de entrada | Extractos vegetales como insecticida |
| 650 #1 - PUNTO DE ACCESO ADICIONAL DE MATERIA--TÉRMINO DE MATERIA | |
| 9 (RLIN) | 133653 |
| Término de materia o nombre geográfico como elemento de entrada | Sitophilus zeamais |
| Subdivisión general | Control |
| 650 #1 - PUNTO DE ACCESO ADICIONAL DE MATERIA--TÉRMINO DE MATERIA | |
| 9 (RLIN) | 187342 |
| Término de materia o nombre geográfico como elemento de entrada | Maíz |
| Subdivisión general | Almacenamiento |
| -- | Enfermedades |
| 700 1# - PUNTO DE ACCESO ADICIONAL--NOMBRE DE PERSONA | |
| 9 (RLIN) | 189230 |
| Nombre de persona | Encarnación Arroyo, Erick |
| 700 1# - PUNTO DE ACCESO ADICIONAL--NOMBRE DE PERSONA | |
| 9 (RLIN) | 46550 |
| Nombre de persona | García Romero, José Ulises |
| Término indicativo de función/relación | Director de tesis. |
| 700 1# - PUNTO DE ACCESO ADICIONAL--NOMBRE DE PERSONA | |
| 9 (RLIN) | 64465 |
| Nombre de persona | Lagunes Tejeda, Angel |
| Término indicativo de función/relación | Secretario. |
| 700 1# - PUNTO DE ACCESO ADICIONAL--NOMBRE DE PERSONA | |
| 9 (RLIN) | 189233 |
| Nombre de persona | Morales Hernández, Filemón |
| Término indicativo de función/relación | Vocal. |
| 700 1# - PUNTO DE ACCESO ADICIONAL--NOMBRE DE PERSONA | |
| 9 (RLIN) | 112025 |
| Nombre de persona | Tejeda Reyes, Manuel Alejandro |
| Término indicativo de función/relación | Suplente. |
| 700 1# - PUNTO DE ACCESO ADICIONAL--NOMBRE DE PERSONA | |
| 9 (RLIN) | 117018 |
| Nombre de persona | Urzúa Gutiérrez, Jaime Alfredo |
| Término indicativo de función/relación | Suplente. |
| 856 ## - LOCALIZACIÓN Y ACCESO ELECTRÓNICOS | |
| Identificador Uniforme del Recurso | http://10.13.5.2/tesis/tl/2020_PA_Ortega_Ceron_MariaAlejandra-Encarnacion_Arroyo_Erick.pdf |
| Nota pública | DESCARGAR PDF |
| 942 ## - ELEMENTOS DE PUNTO DE ACCESO ADICIONAL (KOHA) | |
| Fuente del sistema de clasificación o colocación | Clasificación Universidad Autónoma Chapingo |
| Tipo de ítem Koha | Tesis digital |
| Estado de retiro | Estado de pérdida | Fuente del sistema de clasificación o colocación | Estado dañado | Restricciones de uso | No para préstamo | Código de colección | Localización permanente | Ubicación/localización actual | Ubicación en estantería | Fecha de adquisición | Total de préstamos | Signatura topográfica completa | Fecha visto por última vez | Precio válido a partir de | Tipo de ítem Koha |
|---|---|---|---|---|---|---|---|---|---|---|---|---|---|---|---|
| Clasificación Universidad Autónoma de Chapingo | Préstamo interno | Tesis digitales de Licenciatura | Biblioteca Digital | Biblioteca Digital | En línea | 19/06/2024 | Tesis digital | 19/06/2024 | 19/06/2024 | Tesis digital |
